| 000 | 00343nam a22001337a 4500 | ||
|---|---|---|---|
| 003 | SGT | ||
| 020 | _a9780847685578 | ||
| 082 |
_a303.66 _bCOR |
||
| 100 | _aCORTRIGHT DAVID | ||
| 245 |
_aTHE PRICE OF PEACE _bINCENTIVES AND INTERNATIONAL CONFLICT PREVENTION |
||
| 260 |
_aUSA _bROWMAN AND LITTLEFIELD _c1997 |
||
| 300 | _a347 | ||
| 942 |
_2ddc _cBK |
||
| 999 |
_c33601 _d33601 |
||